[Event "Kieler Open 2015 Gruppe A"]
[Site "Kiel"]
[Date "2015.07.29"]
[Round "7.1"]
[White "Baramidze, David"]
[Black "Stopa, Jacek"]
[Result "1-0"]
[WhiteElo "2596"]
[BlackElo "2541"]
[PlyCount "53"]
[EventDate "2015.??.??"]

1. e4 e5 2. Nf3 Nc6 3. Bb5 a6 4. Ba4 Nf6 5. O-O b5 6. Bb3 Bc5 7. c3 d6 8. d4
Bb6 9. Be3 Bg4 10. Nbd2 O-O 11. Qc1 exd4 12. cxd4 Na5 13. Bd1 Re8 14. b4 Nb7
15. Bg5 h6 16. Bh4 g5 17. Bg3 Nh5 18. e5 f5 19. Qc6 Nxg3 20. fxg3 Kg7 21. Qxb7
dxe5 22. Kh1 e4 23. Ne5 Qxd4 24. Bxg4 fxg4 25. Rf7+ Kg8 26. Qc6 Qxa1+ 27. Nf1
1-0

[Event "Kieler Open 2015 Gruppe A"]
[Site "Kiel"]
[Date "2015.07.29"]
[Round "7.2"]
[White "Dgebuadze, Alexandre"]
[Black "Wichmann, Cliff"]
[Result "1/2-1/2"]
[WhiteElo "2490"]
[BlackElo "2358"]
[PlyCount "32"]
[EventDate "2015.??.??"]

1. c4 Nf6 2. Nf3 c6 3. Nc3 d5 4. e3 a6 5. Qc2 g6 6. b3 Bg7 7. Bb2 O-O 8. Be2
Re8 9. O-O e5 10. d3 dxc4 11. bxc4 Qc7 12. Rac1 Bf5 13. Nd2 Nbd7 14. Nce4 Bxe4
15. dxe4 Nc5 16. Bc3 a5 1/2-1/2

[Event "Kieler Open 2015 Gruppe A"]
[Site "Kiel"]
[Date "2015.07.29"]
[Round "7.3"]
[White "Voloshin, Leonid"]
[Black "Lanka, Zigurds"]
[Result "1/2-1/2"]
[WhiteElo "2417"]
[BlackElo "2419"]
[PlyCount "20"]
[EventDate "2015.??.??"]

1. d4 Nf6 2. Nf3 g6 3. g3 d5 4. Bg2 Bg7 5. O-O O-O 6. c4 dxc4 7. Na3 c3 8. bxc3
c5 9. Nc4 Nd5 10. Bb2 Nc6 1/2-1/2

[Event "Kieler Open 2015 Gruppe A"]
[Site "Kiel"]
[Date "2015.07.29"]
[Round "7.4"]
[White "Ernst, Thomas"]
[Black "Lindborg, Petter"]
[Result "0-1"]
[WhiteElo "2349"]
[BlackElo "2197"]
[PlyCount "146"]
[EventDate "2015.??.??"]

1. d4 e6 2. c4 f5 3. e3 Nf6 4. Bd3 b6 5. Ne2 Bb7 6. O-O Bd6 7. f3 O-O 8. Nbc3
c5 9. d5 Na6 10. e4 fxe4 11. Nxe4 Nxe4 12. Bxe4 Qc7 13. g3 exd5 14. Bxd5+ Bxd5
15. Qxd5+ Kh8 16. a3 Rae8 17. Bf4 Bxf4 18. Nxf4 Re5 19. Qd2 Rfe8 20. Rae1 Nb8
21. Nd5 Qd6 22. f4 Rxe1 23. Rxe1 Rxe1+ 24. Qxe1 Qe6 25. Qxe6 dxe6 26. Nc7 Nc6
27. Nb5 e5 28. Kf2 exf4 29. gxf4 Kg8 30. Ke3 Kf7 31. Ke4 Ke6 32. Nc7+ Kd7 33.
Nd5 Kd6 34. Ne3 Ke6 35. h4 Ne7 36. f5+ Kd6 37. Ng4 Ng8 {=} 38. Kf4 Nf6 39. Nf2
Nh5+ 40. Kg5 Nf6 41. Nd3 Ne4+ 42. Kf4 Nf6 43. Ke3 Ng4+ 44. Ke4 Nf6+ 45. Kf3 Nh5
46. Nf4 Nf6 47. Ne6 g6 48. Kf4 h6 49. Ng7 g5+ 50. hxg5 hxg5+ 51. Kxg5 Ke5 52.
Kg6 Ng8 53. Kf7 Nh6+ 54. Ke8 Nxf5 55. Nxf5 Kxf5 56. Kd7 Ke5 57. Kc6 Kd4 58. Kb5
Kd3 59. a4 Kd4 60. a5 bxa5 61. b3 Kc3 62. Kxc5 Kxb3 63. Kd5 a4 64. c5 a3 65. c6
a2 66. c7 a1=Q 67. c8=Q Qd1+ 68. Ke5 Qe2+ 69. Kd4 Qd2+ 70. Ke4 Qc2+ 71. Qxc2+
Kxc2 72. Kd4 Kb3 73. Kc5 a5 0-1

[Event "Kieler Open 2015 Gruppe A"]
[Site "Kiel"]
[Date "2015.07.29"]
[Round "7.5"]
[White "Krause, Jonah"]
[Black "Hoffmann, Hendrik"]
[Result "1/2-1/2"]
[WhiteElo "2259"]
[BlackElo "2159"]
[PlyCount "42"]
[EventDate "2015.??.??"]

1. d4 Nf6 2. c4 e6 3. g3 c5 4. Nf3 d5 5. cxd5 Nxd5 6. Bg2 Nc6 7. O-O Be7 8. Nc3
O-O 9. Nxd5 exd5 10. dxc5 Bxc5 11. b3 Bg4 12. Bb2 d4 13. Rc1 Bb6 14. Qd2 Qd7
15. b4 Rad8 16. b5 Bxf3 17. exf3 Ne5 18. f4 Ng4 19. Qd3 Rfe8 20. Rfd1 Ne3 21.
Rd2 Nxg2 1/2-1/2

[Event "Kieler Open 2015 Gruppe A"]
[Site "Kiel"]
[Date "2015.07.29"]
[Round "7.6"]
[White "Homuth, Manfred"]
[Black "Jahncke, Giso"]
[Result "0-1"]
[WhiteElo "2142"]
[BlackElo "2308"]
[PlyCount "82"]
[EventDate "2015.??.??"]

1. e4 c5 2. Nf3 e6 3. d4 cxd4 4. Nxd4 Nf6 5. Nc3 Nc6 6. Ndb5 Bc5 7. Nd6+ Ke7 8.
Nxc8+ Rxc8 9. Be2 Qc7 10. O-O Qe5 11. Bd3 h5 12. Qf3 g5 13. Qg3 Rcg8 14. Qxe5
Nxe5 15. Kh1 Nfg4 16. Nd1 Nxd3 17. cxd3 Ne5 18. b4 Bxb4 19. Bxg5+ Rxg5 20. f4
Rg7 21. fxe5 Bc5 22. Rc1 Bd4 23. Rc4 Bxe5 24. d4 Bb8 25. Ne3 Rgg8 26. Rfc1 Bf4
27. R1c3 Bxe3 28. Rxe3 Rc8 29. Rec3 Rc6 30. Rxc6 dxc6 31. Kg1 Rd8 32. Rc4 e5
33. Ra4 exd4 34. Rxa7 Rd7 35. Kf2 c5 36. Ra5 Kd6 37. Ke2 b6 38. Ra8 c4 39. Rc8
Rc7 40. e5+ Kd7 41. Rf8 Ke7 0-1

[Event "Kieler Open 2015 Gruppe A"]
[Site "Kiel"]
[Date "2015.07.29"]
[Round "7.7"]
[White "Johansson, Thomas"]
[Black "Buchholz, Sebastian"]
[Result "0-1"]
[WhiteElo "2203"]
[BlackElo "2143"]
[PlyCount "106"]
[EventDate "2015.??.??"]

1. d4 d5 2. c4 e6 3. Nc3 f5 4. e3 Nf6 5. Bd3 c6 6. Nge2 Bd6 7. Qc2 Ne4 8. g3
Ng5 9. Ng1 O-O 10. f4 Ne4 11. Nf3 Na6 12. a3 Qa5 13. c5 Be7 14. Rb1 Nb8 15. O-O
Qd8 16. b4 b6 17. Ne5 Bf6 18. Nxe4 Bxe5 19. Nd2 Bf6 20. a4 Rf7 21. Ba3 a6 22.
cxb6 Qxb6 23. Rfc1 g5 24. Qc3 Bd7 25. Nb3 Qd8 26. Rc2 Qe8 27. Rg2 Rg7 28. Rbb2
Ra7 29. Qe1 Bc8 30. Nc5 Nd7 31. Qf1 Nb8 32. Rbc2 Be7 33. Bb2 Bd6 34. Bc3 Qd8
$11 35. Ra2 Qe8 36. Kh1 Qd8 37. Rac2 Qe8 38. Qe1 Qd8 39. Rce2 Qe8 40. Bc2 Nd7
41. g4 Nf6 42. gxf5 exf5 43. fxg5 Ne4 44. Bxe4 fxe4 45. Qh4 Raf7 46. Be1 Rf3
47. Bg3 Be7 48. Be5 Rf1+ 49. Rg1 Rxg1+ 50. Kxg1 Rxg5+ 51. Kh1 Rg1+ 52. Kxg1
Bxh4 53. Rg2+ Kf8 0-1

[Event "Kieler Open 2015 Gruppe A"]
[Site "Kiel"]
[Date "2015.07.29"]
[Round "7.8"]
[White "Niering, Martin"]
[Black "Saglam, Bülent"]
[Result "1-0"]
[WhiteElo "2178"]
[BlackElo "2102"]
[PlyCount "45"]
[EventDate "2015.??.??"]

1. e4 e6 2. d4 d5 3. Nc3 Bb4 4. e5 c5 5. a3 Bxc3+ 6. bxc3 Qc7 7. Nf3 Ne7 8. a4
Qa5 9. Qd2 Bd7 10. dxc5 Nbc6 11. c4 Nb4 12. Rb1 Nec6 13. c3 Na6 14. cxd5 exd5
15. Rxb7 O-O-O 16. Rb1 Nxe5 17. Nxe5 Rhe8 18. f4 f6 19. Qb2 Nb4 20. cxb4 Qc7
21. Ba6+ Kb8 22. O-O fxe5 23. fxe5 1-0

[Event "Kieler Open 2015 Gruppe A"]
[Site "Kiel"]
[Date "2015.07.29"]
[Round "7.9"]
[White "Voelzke, Ferdinand"]
[Black "Müller, Winus"]
[Result "1-0"]
[WhiteElo "2149"]
[BlackElo "1927"]
[PlyCount "89"]
[EventDate "2015.??.??"]

1. Nf3 Nf6 2. g3 e6 3. Bg2 c5 4. O-O Nc6 5. c4 Be7 6. b3 O-O 7. Bb2 d6 8. d4
cxd4 9. Nxd4 Nxd4 10. Qxd4 Qc7 11. Nc3 a6 12. Rfd1 Rd8 13. e4 e5 14. Qd3 Be6
15. h3 h6 16. Rd2 Rf8 17. Kh2 Rad8 18. Rc2 Rc8 19. Rac1 Qd7 20. Nd5 Bxd5 21.
cxd5 Nh7 22. Rc4 Rxc4 23. Qxc4 Bd8 24. Rc2 Bb6 25. f4 f6 26. Bf3 g5 27. Bg4 Qe7
28. Be6+ Kh8 29. f5 Rb8 30. a4 Nf8 31. Ba3 Nd7 32. b4 Nf8 33. Qe2 Kg7 34. Rc4
Bc7 35. Qc2 Nxe6 36. dxe6 Bb6 37. Bc1 Bd8 38. Be3 b5 39. Rc6 bxa4 40. Qxa4 Rb7
41. Rxa6 h5 42. Ra7 Rxa7 43. Qxa7 g4 44. Qxe7+ Bxe7 45. b5 1-0

[Event "Kieler Open 2015 Gruppe A"]
[Site "Kiel"]
[Date "2015.07.29"]
[Round "7.10"]
[White "Janse, Sebastian"]
[Black "Plüg, Andreas"]
[Result "1/2-1/2"]
[WhiteElo "1686"]
[BlackElo "2295"]
[PlyCount "120"]
[EventDate "2015.??.??"]

1. e4 d6 2. d4 Nf6 3. Nc3 g6 4. f3 Bg7 5. Be3 e5 6. Nge2 exd4 7. Nxd4 O-O 8.
Be2 Nc6 9. Qd2 d5 10. Nxc6 bxc6 11. O-O-O Be6 12. Bh6 Qe7 13. Bxg7 Kxg7 14. h4
Rab8 15. h5 dxe4 16. hxg6 fxg6 17. Qh6+ Kg8 18. Nxe4 Nxe4 19. fxe4 Bxa2 20. Bg4
Rf7 21. Rd7 Qb4 22. b3 Qa3+ 23. Kd1 Rxd7+ 24. Bxd7 Qd6+ 25. Qd2 Qxd2+ 26. Kxd2
Rd8 27. Ra1 Rxd7+ 28. Ke3 Bxb3 29. cxb3 Kf7 30. Rxa7 Ke6 31. Kf4 h6 32. Ra6 Kd6
33. b4 Rf7+ 34. Ke3 Rf1 35. e5+ Kd5 36. Ra5+ Ke6 37. Rc5 Kd7 38. Ke2 Rf4 39. b5
cxb5 40. Rxb5 Ke6 41. Rc5 Rf7 42. Ke3 Kf5 43. Kf3 g5 44. Ke3 g4 45. g3 Re7 46.
Kd4 Rd7+ 47. Ke3 h5 48. Ra5 Rd1 49. Rc5 Rd7 50. Ra5 c6 51. Rc5 Rc7 52. Kd4 Rd7+
53. Ke3 Rd1 54. Rxc6 Kxe5 55. Rc5+ Rd5 56. Rxd5+ Kxd5 57. Kf4 Ke6 58. Kg5 Ke5
59. Kxh5 Kf5 60. Kh4 Kf6 1/2-1/2

[Event "Kieler Open 2015 Gruppe A"]
[Site "Kiel"]
[Date "2015.07.29"]
[Round "7.11"]
[White "Stolz, Mike"]
[Black "Horn, Peter"]
[Result "1-0"]
[WhiteElo "2335"]
[BlackElo "2110"]
[PlyCount "45"]
[EventDate "2015.??.??"]

1. e4 e6 2. d4 d5 3. Nd2 Nf6 4. e5 Nfd7 5. f4 c5 6. c3 Nc6 7. Ndf3 cxd4 8. cxd4
a5 9. Bd3 a4 10. Ne2 a3 11. b3 Nb6 12. O-O Bd7 13. Rf2 Nb4 14. Bb1 Be7 15. g4
h5 16. gxh5 Rxh5 17. Rg2 Bf8 18. Ng3 Rh8 19. f5 Qc7 20. Bd2 exf5 21. Nxf5 g6
22. Nd6+ Bxd6 23. exd6 1-0

[Event "Kieler Open 2015 Gruppe A"]
[Site "Kiel"]
[Date "2015.07.29"]
[Round "7.12"]
[White "Zuse, Peter"]
[Black "Pick, Stefan"]
[Result "1/2-1/2"]
[WhiteElo "2256"]
[BlackElo "2101"]
[PlyCount "102"]
[EventDate "2015.??.??"]

1. e4 c5 2. Nf3 Nc6 3. Bb5 g6 4. O-O Bg7 5. Re1 Nf6 6. e5 Ng4 7. Bxc6 dxc6 8.
h3 Nh6 9. d3 O-O 10. Bf4 Nf5 11. Nbd2 Nd4 12. Ne4 b6 13. c3 Ne6 14. Be3 Ba6 15.
c4 Nd4 16. Nxd4 cxd4 17. Bf4 c5 18. a3 Bb7 19. Qd2 Qd7 20. e6 Qxe6 21. Nxc5 Qc6
22. Nxb7 Qxb7 23. Bh6 e6 24. Bxg7 Kxg7 25. Qf4 Rad8 26. Re4 Qd7 27. Qe5+ Kg8
28. Rae1 Rfe8 29. b4 Qd6 30. Qf6 Qe7 31. Qf4 Qd6 32. Re5 Kg7 33. Qg4 Rd7 34. h4
Rde7 35. c5 bxc5 36. Rxc5 e5 37. Qg3 f5 38. h5 Qf6 39. hxg6 hxg6 40. f3 f4 41.
Qf2 Qa6 42. Qd2 Qxa3 43. Ra5 Qb3 44. Rea1 Qf7 45. Qc2 Rb8 46. Qc5 Rbb7 47. Re1
Qf6 48. Qc4 Rbc7 49. Rc5 Rxc5 50. bxc5 Qe6 51. Qa4 Rc7 1/2-1/2

[Event "Kieler Open 2015 Gruppe A"]
[Site "Kiel"]
[Date "2015.07.29"]
[Round "7.13"]
[White "Bracker, Arne"]
[Black "Roth, Thorsten"]
[Result "0-1"]
[WhiteElo "2256"]
[BlackElo "2083"]
[PlyCount "60"]
[EventDate "2015.??.??"]
[WhiteTeam "Hamburger SK"]
[BlackTeam "Hannover/vereinslos"]

1. d4 d5 2. c4 dxc4 3. Nf3 Nf6 4. e3 e6 5. Bxc4 c5 6. O-O a6 7. a4 Nc6 8. Qe2
Be7 9. Rd1 Qc7 10. Nc3 O-O 11. dxc5 Bxc5 12. b3 Na5 13. Bb2 Be7 14. Nd2 Rd8 15.
Rac1 Bd7 16. Bd3 Qb6 17. Nce4 Nxe4 18. Nxe4 f5 {(=)} 19. Bd4 Qb4 20. Nc5 Rac8
21. Nxd7 Rxc1 22. Rxc1 Rxd7 23. Rc8+ Rd8 24. Bc5 Qc3 25. Rxd8+ Bxd8 26. b4 Nb3
27. Bd6 Nc1 28. Qh5 g6 29. Qh6 Qe1+ 30. Bf1 Ne2+ 0-1

[Event "Kieler Open 2015 Gruppe A"]
[Site "Kiel"]
[Date "2015.07.29"]
[Round "7.14"]
[White "Koop, Sören"]
[Black "Junge, Ralph"]
[Result "0-1"]
[WhiteElo "2070"]
[BlackElo "2214"]
[PlyCount "38"]
[EventDate "2015.??.??"]

1. e4 g6 2. d4 Bg7 3. Nc3 a6 4. Be3 d6 5. f4 b5 6. e5 Bb7 7. Nf3 Nd7 8. Bd3 c5
9. e6 fxe6 10. Ng5 Nf8 11. dxc5 dxc5 12. Nxb5 Qa5+ 13. Bd2 Qb6 14. Na3 Bxg2 15.
Nc4 Qc6 16. Rg1 Rd8 17. Qe2 Bd5 18. Na5 Qb6 19. Bxa6 c4 0-1

[Event "Kieler Open 2015 Gruppe A"]
[Site "Kiel"]
[Date "2015.07.29"]
[Round "7.15"]
[White "Rieper, Julian"]
[Black "Schnitzer, Peter"]
[Result "1/2-1/2"]
[WhiteElo "1906"]
[BlackElo "2178"]
[PlyCount "130"]
[EventDate "2015.??.??"]

1. e4 c5 2. Nf3 d6 3. d4 Nf6 4. Nc3 cxd4 5. Nxd4 Nc6 6. Be3 Ng4 7. Bg5 h6 8.
Bh4 g5 9. Bg3 Bg7 10. Nb3 Bxc3+ 11. bxc3 Nge5 12. Qd2 Be6 13. Bb5 Qc7 14. Nd4
Bd7 15. O-O a6 16. Be2 Rc8 17. Rfc1 Na5 18. Nb3 Nac4 19. Qd4 Be6 20. Bh5 Nb6
21. f4 gxf4 22. Bxf4 Nbd7 23. Bd2 Nf6 24. Be2 Nc4 25. Bf4 Ne5 26. Bd2 {=} 26...
Qc6 27. Bd3 Nc4 28. Be1 Rg8 29. Kh1 Ng4 30. Bg3 Nce5 31. h3 Nf6 32. Bxe5 dxe5
33. Qxe5 Qxc3 34. Qxc3 Rxc3 35. Nd4 Bd7 36. Rab1 Rc7 37. Rb6 Rg5 38. Rcb1 Bc8
39. Nf3 Ra5 40. e5 Ng8 41. R1b2 e6 42. Be4 Ne7 43. Bxb7 Bxb7 44. Rxb7 Rxb7 45.
Rxb7 Ng6 46. Rb2 Nxe5 47. Nxe5 Rxe5 48. Kh2 Re2 49. Rb6 Rxc2 50. Rxa6 Ke7 51.
Kg3 Kf6 52. Kf3 h5 53. a4 Ra2 54. g3 Ra3+ 55. Kf4 Ra1 56. h4 Kg6 57. Ra8 f6 58.
Ra6 Rf1+ 59. Ke4 Ra1 60. Kf4 Rb1 61. a5 Rb4+ 62. Kf3 Ra4 63. Ra7 e5 64. a6 Ra3+
65. Kf2 Ra2+ 1/2-1/2

[Event "Kieler Open 2015 Gruppe A"]
[Site "Kiel"]
[Date "2015.07.29"]
[Round "7.16"]
[White "Petri, Alexander"]
[Black "Pluska, Alexander"]
[Result "1-0"]
[WhiteElo "2167"]
[BlackElo "2030"]
[PlyCount "111"]
[EventDate "2015.??.??"]

1. d4 d5 2. Nf3 Nf6 3. c4 e6 4. g3 Be7 5. Bg2 O-O 6. O-O c5 7. dxc5 Ne4 8. Be3
Na6 9. Qc2 Qa5 10. a3 Bxc5 11. Bxc5 Qxc5 12. b4 Qc7 13. Rc1 Bd7 14. Nbd2 Nf6
15. b5 Nb8 16. a4 a6 17. cxd5 Qxc2 18. Rxc2 Nxd5 19. Rb1 axb5 20. axb5 Ra5 21.
Nd4 Rc8 22. Rxc8+ Bxc8 23. Nc4 Ra4 24. Rc1 Bd7 25. e3 Ra7 26. Bxd5 exd5 27. Nb6
g6 28. Nxd5 Kg7 29. Kg2 Ra5 30. Rc5 Bc6 31. e4 Na6 32. Nxc6 bxc6 33. Rxc6 Nb8
34. Rb6 Nd7 35. Rb7 Nc5 36. Rb8 Nxe4 37. Ne3 Ra2 38. Kf3 Nxf2 39. b6 Nd3 40. h4
Rb2 41. Ke4 Nc5+ 42. Kd5 Nd7 43. Nc4 Nxb6+ 44. Rxb6 Rg2 45. Rb3 g5 46. Nd6 f6
47. Ke4 Kg6 48. Kf3 Rg1 49. hxg5 Kxg5 50. Ne4+ Kg6 51. Kf2 Ra1 52. Rb6 Kf5 53.
Nxf6 Ra2+ 54. Kf3 Ra3+ 55. Kg2 h6 56. Kh3 1-0

[Event "Kieler Open 2015 Gruppe A"]
[Site "Kiel"]
[Date "2015.07.29"]
[Round "7.17"]
[White "Friedel, Marcus"]
[Black "Wanner, Lukas"]
[Result "1/2-1/2"]
[WhiteElo "2121"]
[BlackElo "1944"]
[PlyCount "134"]
[EventDate "2015.??.??"]

1. e4 c5 2. c3 e6 3. d4 d5 4. e5 Nc6 5. Nf3 Bd7 6. Be2 Nge7 7. h4 f6 8. Bd3
fxe5 9. Nxe5 Nxe5 10. dxe5 Qc7 11. Bf4 O-O-O 12. Nd2 c4 13. Bc2 Nc6 14. Qe2 Bc5
15. O-O Rdf8 16. Bg3 Ne7 17. b3 cxb3 18. Nxb3 Nf5 19. Bf4 Nxh4 20. Be3 Bxe3 21.
Qxe3 Nf5 22. Qxa7 b6 23. Qa8+ Qb8 24. Qa6+ Kd8 25. Nd4 Qxe5 26. Qxb6+ Qc7 27.
Nxe6+ Bxe6 28. Qxe6 Ne7 29. Rfe1 Rf6 30. Qe5 Qc5 31. Re3 Nc6 32. Qg5 Rhf8 {=}
33. Rd1 Ne7 34. Be4 h6 35. Qe5 Rxf2 36. Bxd5 R2f5 37. Be6+ Nd5 38. Bxf5 Rxf5
39. Qxd5+ Qxd5 40. Rxd5+ Rxd5 41. Kh2 Ra5 42. Re2 Rc5 43. Rc2 Rc4 44. Kg3 Kc7
45. Kf3 Kd6 46. Ke3 Kc5 47. Kd3 Rg4 48. c4 Rd4+ 49. Ke3 g5 50. a4 Rd6 51. Ke4
Ra6 52. Ra2 Ra5 53. Kd3 h5 54. Rb2 Rxa4 55. Rb5+ Kd6 56. Rxg5 h4 57. Kd4 Ra2
58. Rg6+ Kc7 59. Rg4 Rd2+ 60. Ke3 Rc2 61. Kf3 Rc3+ 62. Kf2 h3 63. g3 Kd6 64.
Kg1 Rc2 65. Kh1 Ke5 66. Rh4 Kf6 67. Rxh3 Rxc4 1/2-1/2

[Event "Kieler Open 2015 Gruppe A"]
[Site "Kiel"]
[Date "2015.07.29"]
[Round "7.18"]
[White "Lorenzen, Jan-Hendrik"]
[Black "Haffner, Alexander"]
[Result "1/2-1/2"]
[WhiteElo "2018"]
[BlackElo "2136"]
[PlyCount "117"]
[EventDate "2015.??.??"]

1. Nf3 Nf6 2. c4 g6 3. g3 Bg7 4. Bg2 O-O 5. O-O d6 6. Nc3 e5 7. d4 exd4 8. Nxd4
Nbd7 9. h3 a6 10. e3 Rb8 11. b4 c5 12. bxc5 dxc5 13. Nb3 b5 14. cxb5 axb5 15.
Bb2 Ba6 16. Rc1 b4 17. Ne2 Rc8 18. Re1 c4 19. Qd6 Nc5 20. Qxd8 Rfxd8 21. Nxc5
Rxc5 22. Bd4 Rcc8 23. Rb1 c3 24. Nc1 Nd5 25. Bxd5 Bxd4 26. exd4 Rxd5 27. Rxb4
Rc4 28. Rxc4 Bxc4 29. Re3 c2 30. Rc3 Rxd4 31. Rxc2 Rd1+ 32. Kh2 Bd5 33. g4 h6
34. Ne2 Ra1 35. Nc3 Rh1+ 36. Kg3 Rg1+ 37. Kf4 Be6 38. Ne2 Ra1 39. Nc1 Rb1 40.
Ke3 {=} 40... Kg7 41. f3 Kf6 42. h4 Rb4 43. a3 Ra4 44. Rc3 Ra7 45. Nd3 Ra5 46.
Nc5 Ba2 47. f4 Ra7 48. Ne4+ Ke6 49. g5 h5 50. Nf6 Bb1 51. Rc6+ Ke7 52. Rc3 Kd6
53. Ne8+ Ke6 54. Nf6 Ra5 55. Rb3 Ba2 56. Rc3 Ke7 57. Rc7+ Kd6 58. Rc3 Be6 59.
Ne4+ 1/2-1/2

[Event "Kieler Open 2015 Gruppe A"]
[Site "Kiel"]
[Date "2015.07.29"]
[Round "7.19"]
[White "Raddatz, Michael"]
[Black "Sieweck, Philipp"]
[Result "1/2-1/2"]
[WhiteElo "2011"]
[BlackElo "2076"]
[PlyCount "120"]
[EventDate "2015.??.??"]

1. e4 c6 2. d4 d5 3. e5 Bf5 4. Nf3 e6 5. Be2 Nd7 6. O-O h6 7. Be3 Ne7 8. b4 Nc8
9. a3 a5 10. b5 a4 11. Nbd2 Ncb6 12. bxc6 bxc6 13. Ne1 h5 14. f4 g6 15. Nd3 Be7
16. Nb4 Qc8 17. c3 c5 18. Nd3 Qc6 19. Ne1 O-O 20. Nef3 cxd4 21. Bxd4 Nc5 22.
Bf2 Bd3 23. Nd4 Qc7 24. N2f3 Bxe2 25. Qxe2 Nc4 26. Bh4 Rfb8 27. Bxe7 Qxe7 28.
Nc6 Qf8 29. Nxb8 Rxb8 30. Rfb1 Nb3 31. Ra2 Nxa3 32. Re1 Qc5+ 33. Qe3 Nc4 34.
Qxc5 Nxc5 35. g3 Rb3 36. Nd2 Nd3 37. Nxb3 axb3 38. Ra8+ Kg7 39. Rd1 b2 40. Rb8
Nc5 41. Rb4 h4 42. Rb1 hxg3 43. hxg3 Nd3 44. Rb7 Nd2 45. Rd1 b1=Q 46. Rbxb1
Nxb1 47. Rxb1 g5 48. Rd1 Nb2 49. Rd4 gxf4 50. gxf4 Kg6 51. Kf2 Kf5 52. Kf3 f6
53. exf6 Kxf6 54. Rb4 Nc4 55. Rxc4 dxc4 56. Ke4 Kf7 57. Kd4 Kf6 58. Kxc4 Kf5
59. Kb5 Kxf4 60. c4 e5 1/2-1/2

[Event "Kieler Open 2015 Gruppe A"]
[Site "Kiel"]
[Date "2015.07.29"]
[Round "7.20"]
[White "Weber, Benedikt"]
[Black "Hilbig, Dieter"]
[Result "1-0"]
[WhiteElo "2009"]
[BlackElo "2067"]
[PlyCount "57"]
[EventDate "2015.??.??"]

1. e4 c5 2. Nf3 Nc6 3. d4 cxd4 4. Nxd4 e5 5. Nb5 d6 6. N1c3 a6 7. Na3 Nf6 8.
Bg5 Be6 9. Nc4 Bxc4 10. Bxc4 Be7 11. Bxf6 Bxf6 12. O-O O-O 13. Nd5 Nd4 14. c3
Ne6 15. Qf3 Bg5 16. Rad1 Rc8 17. Bb3 Nc5 18. Bc2 Ne6 19. Bb3 Nc5 20. Bc2 Ne6
21. g3 Nc7 22. Nb6 Rb8 23. Nc4 Qe7 24. Nxd6 Bf6 25. Nf5 Qc5 26. Bb3 Rbd8 27.
Nh6+ gxh6 28. Qxf6 Qc6 29. Bxf7+ 1-0

[Event "Kieler Open 2015 Gruppe A"]
[Site "Kiel"]
[Date "2015.07.29"]
[Round "7.21"]
[White "Quiring, Nikolai"]
[Black "Zimmermann, Manfred"]
[Result "0-1"]
[WhiteElo "2060"]
[BlackElo "1957"]
[PlyCount "100"]
[EventDate "2015.??.??"]

1. d4 Nf6 2. c4 e6 3. Nc3 Bb4 4. Qc2 c5 5. dxc5 O-O 6. a3 Qa5 7. Bd2 Bxc5 8.
Ne4 Qb6 9. Nxc5 Qxc5 10. Bb4 Qc7 11. Bxf8 Kxf8 12. e3 b6 13. Bd3 Bb7 14. Nf3 h6
15. Rc1 d6 16. b4 Nbd7 17. O-O Rc8 18. Nd2 Ng4 19. Be2 Nde5 20. Qd1 f5 21. h3
Nf6 22. f4 Nf7 23. Bf3 g5 24. Bxb7 Qxb7 25. fxg5 hxg5 26. g4 Qd7 27. gxf5 exf5
28. Qf3 Nh6 29. Qg3 Ke7 30. Rf2 Rg8 31. c5 dxc5 32. bxc5 f4 33. Qf3 g4 34. Qxf4
gxh3+ 35. Kh1 Nhg4 36. Re2 Qc6+ 37. e4 bxc5 38. Nf3 Nh5 39. Ne5 Nxf4 40. Nxc6+
Kd6 41. Rec2 Kxc6 42. Rxc5+ Kd6 43. Rc6+ Ke5 44. R6c5+ Kxe4 45. R5c4+ Ke3 46.
R4c3+ Nd3 47. R1c2 Rb8 48. Rc1 Rb2 49. R3c2 Ndf2+ 50. Kg1 h2+ 0-1

[Event "Kieler Open 2015 Gruppe A"]
[Site "Kiel"]
[Date "2015.07.29"]
[Round "7.22"]
[White "Werner, René"]
[Black "Magnussen, Helge"]
[Result "0-1"]
[WhiteElo "1885"]
[BlackElo "2054"]
[PlyCount "64"]
[EventDate "2015.??.??"]
[WhiteTeam "Kieler SG"]
[BlackTeam "Elmshorner SC"]

1. d4 Nf6 2. c4 c5 3. d5 e6 4. Nc3 exd5 5. Nxd5 Nxd5 6. cxd5 g6 7. Nf3 Bg7 8.
e4 O-O 9. Be2 d6 10. O-O Nd7 11. Rb1 Re8 12. Qc2 Nf6 13. Nd2 Nxd5 14. Bc4 Nb4
15. Qb3 Qe7 16. a3 Nc6 17. Qd1 Be6 18. b3 Qh4 19. Bb2 Nd4 20. Bxe6 Rxe6 21. g3
Qe7 22. Kg2 Re8 23. Ba1 Qd7 24. Rc1 f5 25. exf5 Qc6+ 26. f3 Re2+ 27. Kh3 Bh6
28. Bc3 Bxd2 29. Bxd2 Nxf3 30. Rc2 Rxh2+ 31. Kg4 h5+ 32. Kf4 Qe4# 0-1

[Event "Kieler Open 2015 Gruppe A"]
[Site "Kiel"]
[Date "2015.07.29"]
[Round "7.23"]
[White "Keller, Harald"]
[Black "Janse, Alexander"]
[Result "0-1"]
[WhiteElo "2041"]
[BlackElo "1936"]
[PlyCount "56"]
[EventDate "2015.??.??"]
[WhiteTeam "SV Rottweil"]
[BlackTeam "Klim-op Rotterdam"]

1. e4 c5 2. Nf3 d6 3. c3 Nf6 4. Bd3 Nc6 5. Bc2 g6 6. O-O Bg7 7. d4 cxd4 8. cxd4
Bg4 9. Be3 O-O 10. Nbd2 Rc8 11. Rc1 d5 12. e5 Nd7 13. h3 Bxf3 14. Nxf3 e6 15.
Qd2 Qb6 16. b3 Rc7 17. h4 Rfc8 18. h5 Qa5 19. hxg6 hxg6 20. Qe2 Qa3 21. Bb1
Nxd4 22. Nxd4 Rxc1 23. Bxc1 Rxc1 24. Nb5 Rxf1+ 25. Qxf1 Qc5 26. Nd6 Bxe5 27.
Nxf7 Kxf7 28. Qd3 Qc1+ 0-1

[Event "Kieler Open 2015 Gruppe A"]
[Site "Kiel"]
[Date "2015.07.29"]
[Round "7.24"]
[White "Neumann, Frank"]
[Black "Gutschenreiter, Donato"]
[Result "1-0"]
[WhiteElo "2027"]
[BlackElo "1639"]
[PlyCount "99"]
[EventDate "2015.??.??"]
[WhiteTeam "SC Agon Neumünster"]
[BlackTeam "Flensburger SK"]

1. d4 Nf6 2. Nf3 e6 3. c4 c5 4. Nc3 cxd4 5. Nxd4 Nc6 6. Nxc6 bxc6 7. g3 d5 8.
Bg2 Bd7 9. cxd5 cxd5 10. O-O h6 11. Qd3 Bc5 12. e4 dxe4 13. Nxe4 Nxe4 14. Bxe4
Rc8 15. Be3 O-O 16. Bxc5 Rxc5 17. Rfd1 Rc7 18. Rac1 Rxc1 19. Rxc1 Qg5 20. Rc7
Bb5 21. Qc2 a6 22. a4 Be8 23. b4 Qe5 24. a5 Ba4 25. Rc5 Qa1+ 26. Qc1 Qxc1+ 27.
Rxc1 Rb8 28. Bd3 Bb5 29. Bxb5 Rxb5 30. Rc4 e5 31. Kf1 Kf8 32. Ke2 Ke7 33. Kd3
Kd6 34. Kc3 Rb8 35. Rc5 f5 36. Kc4 g5 37. f4 gxf4 38. gxf4 Rb5 39. fxe5+ Ke6
40. Rxb5 axb5+ 41. Kd4 f4 42. Ke4 f3 43. Kxf3 Kxe5 44. a6 Kd4 45. a7 Kc4 46.
a8=Q Kxb4 47. Qa2 Kc3 48. Qa3+ Kc4 49. Ke3 b4 50. Qb2 1-0

[Event "Kieler Open 2015 Gruppe A"]
[Site "Kiel"]
[Date "2015.07.29"]
[Round "7.25"]
[White "Möller, Dustin"]
[Black "Rosenburg, Hauke"]
[Result "1/2-1/2"]
[WhiteElo "1947"]
[BlackElo "1862"]
[PlyCount "44"]
[EventDate "2015.??.??"]
[WhiteTeam "Eckernförder SC"]
[BlackTeam "SF Burg"]

1. d4 d5 2. c4 e6 3. Nc3 Nf6 4. cxd5 exd5 5. Bg5 Be7 6. e3 c6 7. Bd3 h6 8. Bh4
Qb6 9. Qc2 O-O 10. Nf3 Be6 {(=)} 11. O-O Nbd7 12. Ne5 g5 13. Bg3 Nxe5 14. Bxe5
Rfe8 15. f4 Ng4 16. Na4 Qd8 17. f5 Bc8 18. Qe2 Nxe5 19. dxe5 Bf8 20. e6 Qf6 21.
Qh5 Re7 22. exf7+ Rxf7 1/2-1/2

[Event "Kieler Open 2015 Gruppe A"]
[Site "Kiel"]
[Date "2015.07.29"]
[Round "7.26"]
[White "Wegemund, Hubert"]
[Black "Schäfer, Martin"]
[Result "0-1"]
[WhiteElo "1873"]
[BlackElo "1978"]
[PlyCount "70"]
[EventDate "2015.??.??"]
[WhiteTeam "SK Norderstedt"]
[BlackTeam "Kieler SG"]

1. e4 d5 2. exd5 Qxd5 3. Nc3 Qd6 4. d4 Nf6 5. Bc4 a6 6. a4 e6 7. Nge2 Nc6 8.
Bf4 Qb4 9. Bb3 Bd6 10. Bg3 Bxg3 11. hxg3 O-O 12. Rh4 Qd6 13. Qd2 Ne7 14. Ne4
Nxe4 15. Rxe4 Bd7 16. Nf4 b5 17. a5 Bc6 18. Re5 Bd5 19. Bxd5 Nxd5 20. c3 Rad8
21. Nd3 Nf6 22. O-O-O Qc6 23. f3 Qc4 24. Kb1 Rd5 25. Nb4 Rxe5 26. dxe5 Nh5 27.
Qg5 g6 28. Nxa6 c5 29. Rd8 b4 30. Rxf8+ Kxf8 31. Qd8+ Kg7 32. Qb6 b3 33. Kc1
Nxg3 34. Qd8 Qf1+ 35. Qd1 Qxa6 0-1

[Event "Kieler Open 2015 Gruppe A"]
[Site "Kiel"]
[Date "2015.07.29"]
[Round "7.27"]
[White "Gutschenreiter, Dorian"]
[Black "Lippmann, Kai"]
[Result "1/2-1/2"]
[WhiteElo "1865"]
[BlackElo "1971"]
[PlyCount "49"]
[EventDate "2015.??.??"]
[WhiteTeam "Flensburger SK"]
[BlackTeam "Raisdorfer SG"]

1. e4 c6 2. d4 d5 3. Nc3 dxe4 4. Nxe4 Bf5 5. Ng3 Bg6 6. h4 h6 7. Nf3 Nd7 8. h5
Bh7 9. Bd3 Bxd3 10. Qxd3 Qc7 11. Bd2 Ngf6 12. O-O-O e6 13. Ne4 O-O-O 14. Nxf6
Nxf6 15. Qe2 Bd6 16. g3 Rhe8 17. Ne5 c5 18. Bf4 Nd5 19. dxc5 Nxf4 20. gxf4 Bxc5
21. Rhg1 f6 22. Rxd8+ Kxd8 23. Nd3 Bd6 24. Qg4 Re7 25. Re1 1/2-1/2